Borussia Dortmund Rückrunden Kader 2023/24 - Statistiken

Allgemein
  • Dieses Quiz wurde 88 mal gespielt
  • Das Durchschnittsergebnis liegt bei 23 aus 29
Antwortstatistiken
Rückennummer Nationalität Position Antwort % Korrekt
1 Schweiz TW Gregor Kobel
100%
15 Deutschland IV Mats Hummels
99%
22 Niederlande LV Ian Maatsen
96%
4 Deutschland IV Nico Schlotterbeck
96%
21 Niederlande RF Donyell Malen
95%
26 Norwegen RV Julian Ryerson
95%
20 Österreich ZM Marcel Sabitzer
95%
11 Deutschland ZOM Marco Reus
95%
25 Deutschland IV Niklas Süle
93%
5 Algerien LV Ramy Bensebaini
93%
33 Deutschland TW Alexander Meyer
92%
10 England RF Jadon Sancho
92%
19 Deutschland ZOM Julian Brandt
91%
14 Deutschland ST Niclas Füllkrug
91%
23 Deutschland ZDM Emre Can
89%
43 England LF Jamie Bynoe-Gittens
89%
9 Elfenbeinküste ST Sebastien Haller
89%
6 Türkei ZDM Salih Özcan
85%
27 Deutschland LF Karim Adeyemi
80%
2 Spanien RV Mateu Morey
80%
17 Deutschland RV Marius Wolf
78%
18 Deutschland ST Youssoufa Moukoko
77%
8 Deutschland ZM Felix Nmecha
76%
16 Belgien RF Julien Duranville
70%
35 Polen TW Marcel Lotka
70%
32 Guinea ZM Abdoulaye Kamara
45%
47 Deutschland IV Antonios Papadopoulos
42%
30 Deutschland ZOM Ole Pohlmann
42%
31 Deutschland TW Silas Ostrzinski
15%
Keine übereinstimmenden Quizze gefunden
Verteilung der Resultate
Anzahl Personen mit jedem Resultat
Perzentil nach korrekt beantworteten Fragen
Ihre Resultats-Entwicklung
Sie haben dieses Quiz noch nicht gespielt